Metal removal from compost wastewater using algae
The aim of present work was to apply algae for metal removal from compost wastewater. The potential of alginate immobilized Chlorella to remove Cu2+ ions from compost wastewater was investigated in this study. The effect of initial metal concentrations and contact time on biosorption and removal eff...
Elmentve itt :
| Szerző: | |
|---|---|
| Testületi szerző: | |
| Dokumentumtípus: | Könyv része |
| Megjelent: |
2015
|
| Sorozat: | Proceedings of the International Symposium on Analytical and Environmental Problems
21 |
| Kulcsszavak: | Szennyvíztisztítás, Analitikai kémia |
| Online Access: | http://acta.bibl.u-szeged.hu/55970 |
| LEADER | 01357naa a2200205 i 4500 | ||
|---|---|---|---|
| 001 | acta55970 | ||
| 005 | 20260224081030.0 | ||
| 008 | 181206s2015 hu o 100 eng d | ||
| 020 | |a 978-963-306-411-5 | ||
| 040 | |a SZTE Egyetemi Kiadványok Repozitórium |b hun | ||
| 041 | |a eng | ||
| 100 | 1 | |a Simonič Marjana | |
| 245 | 1 | 0 | |a Metal removal from compost wastewater using algae |h [elektronikus dokumentum] / |c Simonič Marjana |
| 260 | |c 2015 | ||
| 300 | |a 234-238 | ||
| 490 | 0 | |a Proceedings of the International Symposium on Analytical and Environmental Problems |v 21 | |
| 520 | 3 | |a The aim of present work was to apply algae for metal removal from compost wastewater. The potential of alginate immobilized Chlorella to remove Cu2+ ions from compost wastewater was investigated in this study. The effect of initial metal concentrations and contact time on biosorption and removal efficiency of tested metals was investigated at original initial pH value of compost wastewater. Firstly, model sample solutions were prepared. We found out that Cu2+ ions could be removed by using alginate immobilized Chlorella. | |
| 695 | |a Szennyvíztisztítás, Analitikai kémia | ||
| 710 | |a International Symposium on Analytical and Environmental Problems (21.) (2015) (Szeged) | ||
| 856 | 4 | 0 | |u http://acta.bibl.u-szeged.hu/55970/1/proceedings_of_isaep_2015_234-238.pdf |z Dokumentum-elérés |